000 00477nam a2200169Ia 4500
999 _c28225
_d28225
003 OSt
005 20201112102649.0
008 190216s9999||||xx |||||||||||||| ||und||
040 _coclc
082 _a894.8123
_bNAI/V
100 _aNair, T N Gopinathan
_96507
245 0 _aVaitharani /
_cT N Gopinathan Nair
260 _bPoorna Pubs,
_c1989.
_a Kozhikode:
300 _a158p
650 _aNovel
942 _cBK
_2ddc
_h894.8123
_iNAI/V
_k894.8123
_mNAI/V